山陽電鉄の定期の種別 - Statistics

General Stats
  • This quiz has been taken 19 times
  • The average score is 8 of 10
Answer Stats
路線名 種別名 % Correct
山陽電鉄本線 直通特急
100%
山陽電鉄本線 普通
100%
神戸高速線 直通特急
100%
神戸高速線 普通
100%
網干線 普通
100%
山陽電鉄本線 阪神特急
60%
神戸高速線 阪神特急
60%
山陽電鉄本線 山陽S特急
50%
神戸高速線 山陽S特急
50%
山陽電鉄本線 山陽特急
40%
No matching quizzes found
Score Distribution
Percent of People with Each Score
Percentile by Number Answered
Your Score History
You have not taken this quiz